Beverly Hills 90210 Cast, Characters to Actors - Statistics

General Stats
  • This quiz has been taken 208 times
  • The average score is 9 of 15
Answer Stats
Character Actor % Correct
Donna Martin Tori Spelling
90%
Dylan McKay Luke Perry
89%
Brenda Walsh Shannen Doherty
87%
Kelly Taylor Jennie Garth
82%
David Silver Brian Austin Green
81%
Brandon Walsh Jason Priestley
81%
Steve Sanders Ian Ziering
75%
Valerie Malone Tiffani Thiessen
61%
Andrea Zuckerman Gabrielle Carteris
50%
Jim Walsh James Eckhouse
42%
Cindy Walsh Carol Potter
41%
Nat Bussichio Joe E. Tata
38%
Claire Arnold Kathleen Robertson
31%
Ray Pruit Jamie Walters
29%
Jackie Taylor Ann Gillespie
15%
No matching quizzes found
Score Distribution
Percent of People with Each Score
Percentile by Number Answered
Your Score History
You have not taken this quiz